000 00372nam a2200145Ia 4500
008 230917s9999||||xx |||||||||||||| ||und||
040 _e80881
_aMAIN
041 _aEnglish
082 _a346.034 R141L
100 _aRamamoorthy, R
245 0 _aLaw of malicious prosecution and defamation
260 _aBombay
_bN M Tripathi
_c1976
300 _axl, 315 p.
942 _cBK
999 _c202674
_d202674